000 00929nam a2200241Ia 4500
003 OSt
005 20220923222508.0
006 a|||||r|||| 00| 0
007 ta
008 220922b |||||||| |||| 00| 0 hin d
024 _a205,402
037 _cTextual
040 _aARTS
_cARTS
_bhin
041 _2hin
_ahin
082 _aO152:g, J4;K5
100 _aश्यामसुंदरदास, संपा.
245 0 _aसाहित्यालोचन अर्थात् साहित्य के अंगो और उपांगो कर विवेचन और निरुपण
246 _aSāhityālochan arthāt sāhitya ke aango aur upāango kar vivechan aur nirupaṇa
260 _c1985
650 _aहिन्दी साहित्य
_9156264
942 _hO152:g, J4;K5
_cTEXL
_2CC
999 _c356084
_d356084